The oxford dictionary of nursery rhymes / (Record no. 136087)

MARC details
000 -LEADER
fixed length control field 00684nam a22002417a 4500
005 - DATE AND TIME OF LATEST TRANSACTION
control field 20170124110254.0
010 ## - LIBRARY OF CONGRESS CONTROL NUMBER
LC control number 404728
020 ## - INTERNATIONAL STANDARD BOOK NUMBER
Terms of availability 00.00
035 ## - SYSTEM CONTROL NUMBER
System control number 404728
037 ## - SOURCE OF ACQUISITION
Source of stock number/acquisition Cen Lib/Ret
040 ## - CATALOGING SOURCE
Original cataloging agency DPL
Language of cataloging EN
082 ## - DEWEY DECIMAL CLASSIFICATION NUMBER
Classification number 393.803
Item number OXF
245 ## - TITLE STATEMENT
Title The oxford dictionary of nursery rhymes /
Statement of responsibility, etc edited by Iona [and] Peter Opie
246 ## - VARYING FORM OF TITLE
Remainder of title
260 ## - PUBLICATION, DISTRIBUTION, ETC. (IMPRINT)
Name of publisher, distributor, etc London
Place of publication, distribution, etc Oxford university press
Date of publication, distribution, etc 1962
270 ## - ADDRESS
Address London
City London
300 ## - PHYSICAL DESCRIPTION
Extent xxvii,467p.
Dimensions 20m(Hb)
500 ## - GENERAL NOTE
General note Includes index
650 ## - SUBJECT ADDED ENTRY--TOPICAL TERM
Topical term or geographic name as entry element Nursery rhymes
9 (RLIN) 101621
650 ## - SUBJECT ADDED ENTRY--TOPICAL TERM
Geographic subdivision Nursery rhymes, English
9 (RLIN) 101622
700 ## - ADDED ENTRY--PERSONAL NAME
Personal name Peter Opie
9 (RLIN) 101623
942 ## - ADDED ENTRY ELEMENTS (KOHA)
Source of classification or shelving scheme Dewey Decimal Classification
Koha item type English Books
Classification part 393.803
Call number suffix OXF
Holdings
Withdrawn status Lost status Source of classification or shelving scheme Damaged status Not for loan Home library Current library Date acquired Source of acquisition Cost, normal purchase price Total Checkouts Total Renewals Full call number Barcode Date last seen Date checked out Copy number Cost, replacement price Price effective from Koha item type
  Lost and Paid For Dewey Decimal Classification     Central Library Central Library 13/10/2015 Cen Lib/Ret 0.00 1 2 393.803 OXF 404728 02/04/2025 02/04/2025 1 30.00 13/10/2015 English Books

© Delhi Public Library
Hit Counter
free hit counter